Statystyki dla Trasa Tramwaju 20 Warszawa

Kliknij tutaj aby rozwiązać quiz!

Ogólne statystyki

  • Ten quiz został rozwiązany 4 razy
  • Średni wynik to 22 z 39

Statystyki odpowiedzi

UlicaPrzystanek% Poprawnych
ObozowaDalibora
100%
ObozowaDeotymy
100%
ObozowaMagistracka
100%
ObozowaPKP Koło
100%
Gen. Sylwestra KaliskiegoBoernerowo
75%
MłynarskaDługosza
75%
Aleja "Solidarności"Dworzec Wileński
75%
Aleja "Solidarności"Kino Femina
75%
ObozowaKoło
75%
Dywizjonu 303Marynin
75%
Aleja "Solidarności"Metro Ratusz-Arsenał
75%
MłynarskaMłynarska
75%
Aleja "Solidarności"Okopowa
75%
Aleja "Solidarności"Stare Miasto
75%
ObozowaWawrzyszewska
75%
Aleja "Solidarności"Wola - Ratusz
75%
Aleja "Solidarności"Zajezdnia Wola
75%
ToruńskaŻerań FSO
75%
JagiellońskaŻerań FSO
75%
JagiellońskaBatalionu Platerówek
50%
Dywizjonu 303Dywizjonu 303
50%
Aleja "Solidarności"Park Praski
50%
JagiellońskaPimot
50%
ObozowaPlac Pole Elekcyjne
50%
TargowaRatuszowa
50%
JagiellońskaRatuszowa - Zoo
50%
Gen. Sylwestra KaliskiegoWAT
50%
Gen. Sylwestra KaliskiegoArchimedesa
25%
JagiellońskaBudzińskiej-Tylickiej
25%
JagiellońskaDyrekcja FSO
25%
Dywizjonu 303Fort Blizne
25%
JagiellońskaGolędzinów
25%
Gen. Sylwestra KaliskiegoKocjana
25%
Dywizjonu 303Osiedle Zielony Staw
25%
JagiellońskaPlac Hallera
25%
JagiellońskaRondo Starzyńskiego
25%
-Siodlarska
25%
JagiellońskaŚliwice
25%
Gen. Sylwestra KaliskiegoStare Bemowo
25%

Rozkład punktacji

Percentyl według liczby udzielonych odpowiedzi

Procent ludzi z każdym wynikiem

Twoja historia wyników

Nie rozwiązałeś tego quizu